000 00519nam a2200193 a 4500
001 14021
005 20180713202450.0
008 140415s1982 mx 000 0 spa d
020 _a9681312961
041 _aspa
082 _a306
_bBLO
100 1 _aBLOCH, ARTHUR
245 1 0 _aLEY DE MURPHY II :
_bMAS RAZONES POR LAS QUE LAS COSAS SALEN MAL
250 _a1a ed.
260 _aMEXICO :
_bDIANA,
_c1982
300 _a124
650 1 4 _aANTROPOLOGIA SOCIAL
700 1 _aOCHOA ALVAREZ, XAVIER
_etr.
999 _c14021
_d14021